| 000 | 00872cam a2200241 4500 | ||
|---|---|---|---|
| 008 | 090401t1996 xxu||||| |||| 00| 0 eng d | ||
| 020 | _a1851123008 | ||
| 035 | _a(Sirsi) u41315 | ||
| 041 | _aeng | ||
| 050 | _a333.73 | ||
| 110 |
_aUnited Kingdom _bDepartment of the Environment _9982 |
||
| 245 | _aEngineering works : electrical and electronic equipment manuafacturing works (including works manufacturing equipment containing PCBs). | ||
| 260 |
_aLondon _bDepartment of the Environment _c1996 |
||
| 300 | _aiii,26p. ; 30cm. | ||
| 350 | _a10 | ||
| 490 | _aDoE Industry Profile | ||
| 520 | _aProfile based on the work of Aspinwall and Co Ltd and Dames & Moore International, prepared for publication by BRE. | ||
| 650 | _aCONTAMINATED LAND | ||
| 650 | _aINDUSTRIAL WASTE | ||
| 690 | _aENVIRONMENTAL AND LAND CONSULTANCY | ||
| 942 | _n0 | ||
| 948 | _c04/03/1997 | ||
| 999 |
_c90918 _d90918 |
||